书目信息 |
| 题名: |
配器法基础教程
|
|
| 作者: | 高鸿祥 著 | |
| 分册: | ||
| 出版信息: | 北京 人民音乐出版社 2002 |
|
| 页数: | 295页 | |
| 开本: | 20cm | |
| 丛书名: | 音乐自学丛书 | |
| 单 册: | ||
| 中图分类: | J614.4 | |
| 科图分类: | ||
| 主题词: | 管弦乐法--教材 | |
| 电子资源: | ||
| ISBN: | 7-103-02102-3 | |
| 000 | 01146nam0 2200313 450 | |
| 000 | 01109nam0 2200301 450 | |
| 000 | 01107nam0 2200313 450 | |
| 000 | 01053nam0 2200289 450 | |
| 000 | 01071nam0 2200277 450 | |
| 000 | 01034nam0 2200265 45 | |
| 005 | 20061207161124.35 | |
| 010 | @a7-103-02102-3@dCNY18.50 | |
| 100 | @a20060829d2002 em y0chiy0110 ea | |
| 101 | 0 | @achi |
| 102 | @aCN@b110000 | |
| 105 | @ag z 000yy | |
| 200 | 1 | @a配器法基础教程@Apei qi fa ji chu jiao cheng@f高鸿祥著@FGao Hong Xiang Zhu |
| 210 | @a北京@c人民音乐出版社@d2002 | |
| 215 | @a295页@d20cm | |
| 225 | 2 | @a音乐自学丛书@i作曲卷 |
| 330 | @a本书内容包括:管弦乐队概述,弓弦乐器与弓弦乐器组,木管乐器与木管乐器组,圆号,木管乐器、圆号与弓弦乐器的组合,铜管乐器与铜管乐器组,打击乐器及其在乐队中的运用,弓弦乐全奏中的音质组合。 | |
| 410 | 0 | @12001 @a音乐自学丛书@i作曲卷 |
| 606 | 0 | @a管弦乐法@x教材 |
| 690 | @aJ614.4@v4 | |
| 701 | 0 | @a高鸿祥@Agao hong xiang@4著 |
| 801 | 0 | @aCN@b中图数据@c20061207 |
| 905 | @a10447@dJ614.4@e377 | |
| 配器法基础教程/高鸿祥著.-北京:人民音乐出版社,2002 |
| 295页;20cm.-(音乐自学丛书.作曲卷) |
| ISBN 7-103-02102-3:CNY18.50 |
| 本书内容包括:管弦乐队概述,弓弦乐器与弓弦乐器组,木管乐器与木管乐器组,圆号,木管乐器、圆号与弓弦乐器的组合,铜管乐器与铜管乐器组,打击乐器及其在乐队中的运用,弓弦乐全奏中的音质组合。 |
| ● |
| 相关链接 |
|
|
|
|
正题名:配器法基础教程
索取号:J614.4/377
 
预约/预借
| 序号 | 登录号 | 条形码 | 馆藏地/架位号 | 状态 | 备注 |
| 1 | 0612585 | 206125851 | 第一样本阅览室/ [索取号:J614.4/377] | 在馆 | |
| 2 | 0612586 | 206125860 | 第一借阅区/ [索取号:J614.4/377] | 在馆 | |
| 3 | 0612587 | 206125879 | 第一借阅区/ [索取号:J614.4/377] | 在馆 | |
| 4 | 0612588 | 206125888 | 第一借阅区/ [索取号:J614.4/377] | 在馆 | |
| 5 | 0612589 | 206125897 | 第一借阅区/ [索取号:J614.4/377] | 在馆 |